Goosebumps Series - Statistics

General Stats
  • This quiz has been taken 593 times
  • The average score is 27 of 62
Answer Stats
Hint Answer % Correct
7 Night of the Living Dummy
85%
4 Say Cheese and Die!
80%
3 Monster Blood
78%
1 Welcom to Dead House
74%
11 The Haunted Mask
67%
2 Stay Out of the Basement
66%
18 Monster Blood II
64%
29 Monster Blood III
62%
16 One Day at Horrorland
58%
19 Deep Trouble
57%
40 Night of the Living Dummy III
55%
44 Say Cheese and Die---Again!
53%
62 Monster Blood IV
51%
13 Piano Lessons Can Be Murder
51%
14 The Werewolf of Fever Swamp
51%
12 Be Careful What You Wish For
50%
10 The Ghost Next Door
50%
22 Ghost Beach
49%
6 Let's Get Invisible!
49%
36 The Haunted Mask II
48%
9 Welcome to Camp Nightmare
48%
38 The Abominable Snowman of Pasadena
47%
20 The Scarecrow Walks at Midnight
47%
27 A Night in Terror Tower
46%
5 The Curse of the Mummy's Tomb
46%
8 The Girl Who Cried Monster
45%
21 Go Eat Worms!
44%
25 Attack of the Mutant
42%
31 Night of the Living Dummy II
42%
34 Revenge of the Lawn Gnomes
42%
58 Deep Trouble II
41%
39 How I Got My Shrunken Head
41%
24 Phantom of the Aduitorium
41%
23 Return of the Mummy
41%
35 A Shocker on Shock Street
40%
28 The Cuckoo Clock of Doom
40%
49 Vampire Breath
40%
17 Why I'm Afraid of Bees
40%
55 The Blob That Ate Everyone
39%
33 The Horror at Camp Jellyjam
39%
15 You Can't Scare Me!
38%
26 My Hairiest Adventure
37%
32 The Barking Ghost
36%
48 Attack of the Jack-O'-Lanterns
35%
50 Calling All Creeps!
35%
43 The Beast From the East
35%
60 Werewolf Skin
35%
37 The Headless Ghost
34%
53 Chicken Chicken
33%
42 Egg Monsters From Mars
33%
30 It Came From Beneath the Sink
33%
41 Bad Hare Day
28%
46 How to Kill a Monster
28%
51 Beware, the Snowman
27%
57 My Best Friend is Invisible
27%
52 How I Learned to Fly
25%
56 The Curse of Camp Cold Lake
25%
45 Ghost Camp
24%
59 The Haunted School
23%
54 Don't Go to Sleep!
22%
47 Legend of the Lost Legend
22%
61 I Live in Your Basement!
20%
No matching quizzes found
Score Distribution
Percent of People with Each Score
Percentile by Number Answered
Your Score History
You have not taken this quiz